00654cam a22002411 4500001001300000003000400013005001700017008004100034010001700075025001900092035002000111040002100131042001200152050001800164100003800182245004700220260001100267300002200278500001600300504003100316650004800347999001700395sa 65007142 DLC20260227112147.0940930s1963 ii b 000 0 beno  asa 65007142  aPL480:I-B-1762 a(OCoLC)31205787 aDLCcCUdCUdDLC apremarc00aPN5378.B5bB41 aBhjattacharya, Arun Kumar,d1925-10aSāmaẏikapatra o Bāṃlā sāhitya. c[1963] a10, 98 p.c23 cm. aIn Bengali. aBibliographical footnotes. 0aBengali periodicalsxHistory and criticism. c65081d65081